| 000 | 01071cam a2200301 a 4500 | ||
|---|---|---|---|
| 001 | 4000949 | ||
| 005 | 20200421093817.0 | ||
| 008 | 961223s1997 inu b 001 0deng | ||
| 010 | _a 96053280 | ||
| 020 | _a0872203492 (cloth : alk. paper) | ||
| 040 |
_aDLC _cDLC _dDLC |
||
| 041 | 1 |
_aeng _hgrc |
|
| 050 | 0 | 0 |
_aB358 _b.C3 1997 |
| 082 | 0 | 0 |
_a184 _221 |
| 100 | 0 | _aPlato. | |
| 240 | 1 | 0 |
_aWorks. _lEnglish. _f1997 |
| 245 | 1 | 0 |
_aComplete works / _cPlato ; edited, with introduction and notes, by John M. Cooper ; associate editor, D.S. Hutchinson. |
| 260 |
_aIndianapolis, Ind. : _bHackett Pub., _cc1997. |
||
| 300 |
_axxx, 1808 p. ; _c24 cm. |
||
| 504 | _aIncludes bibliographical references and index. | ||
| 600 | 0 | 0 |
_aSocrates. _910 |
| 650 | 0 | _aPhilosophy, Ancient. | |
| 700 | 1 |
_aCooper, John M. _q(John Madison), _d1939- _911 |
|
| 700 | 1 |
_aHutchinson, D. S., _d1955- _912 |
|
| 906 |
_a7 _bcbc _corignew _d1 _eocip _f19 _gy-gencatlg |
||
| 942 |
_2ddc _cBK |
||
| 999 |
_c42 _d42 |
||